[Event "POL-ch blind"]
[Site "Ustron"]
[Date "2019.03.15"]
[Round "6"]
[White "Kosieradzka, Malgorzata"]
[Black "Pawlus, Jan"]
[Result "1/2-1/2"]
[WhiteElo "1330"]
[BlackElo "1372"]
[PlyCount "22"]
[EventDate "2019.03.11"]
[EventType "swiss"]
[EventRounds "9"]
[EventCountry "POL"]
[SourceTitle "EXT 2020"]
[Source "ChessBase"]
[SourceDate "2019.10.17"]
[SourceVersion "1"]
[SourceVersionDate "2019.10.17"]
[SourceQuality "1"]

1. e4 e5 2. Nf3 Nf6 3. Nc3 d6 4. Bc4 c6 5. 0-0 h6 6. d4 Bg4 7. h3 Bxf3 8. Qxf3 Qe7 9. d5 a6 10. Be3 c5 11. Ne2 g5 1/2-1/2